| 000 | nam a22 a 4500 | ||
|---|---|---|---|
| 999 |
_c2066 _d2066 |
||
| 003 | AKMAL | ||
| 005 | 20170515105149.0 | ||
| 008 | 170515s2003 my g a000 | may d | ||
| 020 |
_a9679933857 (kkt.) : _cRM23.00 |
||
| 040 | _aAKMAL | ||
| 082 | 0 | 4 |
_a354 LEA _221 |
| 090 | 0 | 0 |
_a354 _bLEA |
| 245 | 0 | 0 |
_aLeading change in public agencies: cases from developing countries : _bteaching guide / _ceditors: Zulkurnain Hj. Awang, Lee Meng Foon |
| 260 |
_aKuala Lumpur : _bNational Institute of Public Administration (INTAN), _c2003 |
||
| 300 |
_aviii, 94p. ; _c30cm. |
||
| 650 | 0 |
_aCivil service _xStudy and teaching _94256 |
|
| 650 | 0 |
_aPublic administration _xStudy and teaching _94257 |
|
| 700 | 0 |
_aZulkurnain Hj. Awang, _d1950 - _92925 |
|
| 700 | 0 |
_aLee meng Foon _94185 |
|
| 942 |
_2ddc _cBOOK |
||